Statistics for General Knowledge Quiz #108

Click here to take the quiz!

General Stats

  • This quiz has been taken 56,340 times
    (11,625 since last reset)
  • The average score is 13 of 20

Answer Stats

Question Answer % Correct
What does the F.C. Stand for in Manchester United F.C.?Football Club
88%
In what city would you find the Brandenburg Gate?Berlin
88%
What European company is the world's biggest furniture seller?IKEA
86%
What "shaping" garment of the 19th century was meant to give women
an hourglass figure?
Corset
85%
What is the "lead" in a pencil actually made of?Graphite
80%
What type of cosmetic is typically applied to eyelashes?Mascara
80%
Which deadly sin was Ebenezer Scrooge most guilty of?Greed
73%
What is the highest grade of olive oil?Extra Virgin
68%
What Washington D.C. landmark is shaped like an obelisk?Washington Monument
60%
What type of animal holds hands while sleeping to prevent drifting apart?Sea Otters
60%
What country's first Prime Minister, David Ben-Gurion, was elected in 1955?Israel
59%
In everyday English, what is a contusion?Bruise
58%
What type of crystal is used to keep time in most modern clocks and watches?Quartz
58%
What European city hosted the Summer Olympics in 1992?Barcelona
56%
What movie from the 1980s featured a cute little creature named Gizmo?Gremlins
55%
What country has more horses than people?Mongolia
55%
What product do Trappist monks in Belgium and the Netherlands famously make?Beer
46%
What type of tree has been decimated by a "Dutch" disease?Elm
42%
Which Hindu god is the "destroyer of worlds"?Shiva
35%
What stereotypical naval beverage was made with water, rum, and lemon juice?Grog
33%

Score Distribution

Percentile by Number Answered

Percent of People with Each Score

Your Score History

You have not taken this quiz since the last reset